|
|
|
|
| LEADER |
00000nab a2200000 a 4500 |
| 001 |
vtls000745987 |
| 003 |
SK-MaSNL |
| 005 |
20260304110947.0 |
| 008 |
250429c2000 xo 0 slo |
| 015 |
|
|
|a SNBRB2001/02-04530
|
| 035 |
|
|
|a CLN000097819
|
| 035 |
|
|
|a urn:nbn:sk:snk-aba1xz
|
| 035 |
|
|
|a (urnnbn)urn:nbn:sk:snk:ar-a0999t
|
| 035 |
|
|
|a (uuid)58ededec-7a94-48d2-a842-e9bbcd802b6c
|
| 040 |
|
|
|a SNKBUCL
|b slo
|c SNKBUCL
|e AACR2
|
| 041 |
0 |
|
|a slo
|
| 044 |
|
|
|a xo
|c SK
|
| 080 |
|
|
|a 78.071.1
|2 1997
|
| 080 |
|
|
|a 78.072
|2 1997
|
| 100 |
1 |
|
|a Cseres, Jozef,
|d 1961-
|4 aut
|9 103632
|
| 245 |
1 |
0 |
|a Eliane Radigue: život v (analógovom) kruhu
|c Jozef Cseres
|
| 600 |
1 |
7 |
|a Radigue, Eliane
|x tvorba
|x budhizmus
|x vplyvy
|2 snkbucl
|9 1410294
|
| 650 |
0 |
7 |
|a minimal art
|2 snkbucl
|9 97847
|
| 650 |
0 |
7 |
|a hudba
|2 snkbucl
|9 1063
|
| 655 |
|
7 |
|a články z novín a časopisov
|2 snkbucl
|9 267496
|
| 773 |
0 |
|
|t OS
|g Č. 11 (2000), s. 69-70
|x 1335-2296
|
| 850 |
|
|
|a Slovenská národná knižnica
|
| 852 |
|
|
|a Slovenská národná knižnica
|
| 954 |
|
|
|a odborná, vedecká literatúra pôvodná (slovenská)
|2 lita
|
| 958 |
|
|
|a article13
|
| 958 |
|
|
|a OND
|
| 958 |
|
|
|a EUIPO
|
| 992 |
|
|
|a RBX
|
| 999 |
|
|
|c 2861466
|d 2863396
|